01172nac a22003131i 4500003000900000005001700009008004100026020001500067020001800082040004300100082001700143100003800160245012200198264004400320264001000364300004800374336002600422337002800448338002700476490003900503504005200542650003500594650003400629650003300663655001700696942001200713999001500725952011800740EG-ScBUE20250806093358.0250720t1994 nyua f b 001 0 eng d a0071136282 a9780071136280 aEG-ScBUEbengerdacEG-ScBUEdEG-ScBUE04a546bROD2221 aRodgers, Glen E.,d1944-eauthor.10aIntroduction to coordination, solid state, and descriptive inorganic chemistry /cGlen E. Rodgers, Allegheny College. 1aNew York : bMcGraw-Hill, Inc.,c[1994] 4cc1994 axviii, 545 pages :billustrations ;c26 cm. 2rdacontentatextbtxt aunmediated2rdamediabn avolumebnc2rdacarrier0 aSchaum's outline series in science aIncludes bibliographical references and index.  7aCoordination compounds.2BUEsh 7aSolid state chemistry.2BUEsh 7aChemistry, Inorganic.2BUEsh vReading book cBB2ddc c4358d4358 00102ddc3 40708BaccahaMAINbMAINc1STd2007-09-04ePurchasel1o546 RODp000005302r2025-07-15 00:00:00yBB